Fresh air

Bibliographic Details
Format: Electronic Newspaper
Language:English
Published: Washington, District of Columbia : National Public Radio
Subjects:
Online Access:Full text available from Research Library: 01/18/2008 to present

MARC

LEADER 00000nas a2200000 i 4500
001 ssj0001073080
003 WaSeSS
005 20200512172242.0
006 m d
007 cr n
008 131223c20uu9999dcud| n|s|||||| |0eng d
035 |a (WaSeSS)ssj0001073080 
040 |a WaSeSS  |b eng  |c WaSeSS  |d WaSeSS 
050 1 4 |a PN1991 
245 0 0 |a Fresh air  |h [electronic resource]. 
260 |a Washington, District of Columbia :  |b National Public Radio 
310 |a Daily 
506 |a License restrictions may limit access. 
588 |a Description based on: January 18, 2008; title from title screen (ProQuest, viewed Dec. 21, 2013). 
588 |a Latest issue consulted: December 20, 2013 (viewed Dec. 21, 2013). 
650 0 |a Radio broadcasting  |v Newspapers. 
650 0 |a Broadcasting  |v Newspapers. 
650 0 |a Radio programs  |v Newspapers. 
655 0 |a Electronic journals. 
856 4 0 |z Full text available from Research Library: 01/18/2008 to present  |u https://search.proquest.com/publication/55393